00528nam a2200157Ia 4500008004100000020001500041041001200056100001500068245003500083260003500118300000800153650001500161942000700176999001700183952017000200221030s9999 xx 000 0 und d a8185749795 aEnglish aP. S. Gill 0aMachine Drawingcby P. S. Gill bS. K. KatariaaNew Delhic2013 a698 aMechanical cBK c15613d15613 pBE 14190g365.00i3917l0eRKBr2024-06-13 00:00:00w2022-10-30yBK003Print4070aMIETLIBbMIETLIBcBL-Academic Block B, FL-2, CUP-2, SH-1, R-1d2015-10-2910HBE